[Event "IECC M email"]
[Site "IECC email"]
[Date "1998.03.08"]
[Round "?"]
[White "Coates, John"]
[Black "Johnson, Stephen F"]
[Result "1-0"]
[WhiteElo "1471"]
[BlackElo "1397"]
[PlyCount "57"]
[EventDate "1998.??.??"]
[EventType "tourn (corr)"]
[EventRounds "12"]
[SourceTitle "Corr 2008"]
[Source "ChessBase"]
[SourceDate "2008.06.24"]
[SourceVersion "1"]
[SourceVersionDate "2008.06.24"]
[SourceQuality "1"]

1. d4 d5 2. c4 c6 3. cxd5 cxd5 4. Nf3 Nc6 5. Nc3 Bf5 6. Bf4 Nf6 7. e3 h6 8. Bb5 a6 9. Bxc6+ bxc6 10. Ne5 Bd7 11. Nxd7 Qxd7 12. 0-0 Nh5 13. Qxh5 e6 14. Na4 Qb7 15. Rac1 Be7 16. Nc5 Bxc5 17. Rxc5 0-0 18. Qg4 f5 19. Qd1 Rfc8 20. Qa4 Qxb2 21. Rxc6 Rab8 22. Bxb8 Rxb8 23. Rc7 Qe2 24. Qd7 Qxf1+ 25. Kxf1 Rb1+ 26. Ke2 Rb2+ 27. Kf3 Rxf2+ 28. Kxf2 Kf8 29. Qf7# 1-0